Normal view
MARC view
Entry Corporate Name
001 - CONTROL NUMBER
- control field: 17258
003 - CONTROL NUMBER IDENTIFIER
- control field: MY-SjTCS
005 - DATE AND TIME OF LATEST TRANSACTION
- control field: 20191205122223.0
008 - FIXED-LENGTH DATA ELEMENTS
- fixed length control field: 121119nn a|a||abb| a a|a d
039 #9 -
- : 201211191458
- : shuhada
040 ## - CATALOGING SOURCE
- Original cataloging agency: VRT
- Transcribing agency: VRT
110 2# - HEADING--CORPORATE NAME
- Corporate name or jurisdiction name as entry element: University of Mississippi.
- Subordinate unit: Center for the Study of Southern Culture.
410 2# - SEE FROM TRACING--CORPORATE NAME
- Corporate name or jurisdiction name as entry element: University of Mississippi Center for the Study of Southern Culture
410 2# - SEE FROM TRACING--CORPORATE NAME
- Corporate name or jurisdiction name as entry element: Center for the Study of Southern Culture
670 ## - SOURCE DATA FOUND
- Source citation: Media, c2011.:
- Information found: t.p. (Allison Graham & Sharon Monteith, volume editors.)
999 ## -
- : VIRTUA4 x
999 ## -
- : VTLSSORT0080*0400*1100*4100*4101*6700*9991